21 relatos contra el acoso escolar

Na minha lista:
Detalhes bibliográficos
Formato: Livro
Idioma:espanhol
Publicado em: Madrid SM 2009
Edição:2a. ed
Colecção:Gran Angular, 276
Assuntos:
Tags: Adicionar Tag
Sem tags, seja o primeiro a adicionar uma tag!

MARC

LEADER 00000cam a2200000 a 4500
001 UCF7623
003 CL-VaPUC
008 130627e20090600SP |||||||||||||||||spa|d
020 |a 9788467531312 
082 0 4 |a 371.782  |b VEI  |2 21 
245 1 0 |a 21 relatos contra el acoso escolar 
250 |a 2a. ed 
300 |a 262 p 
942 |c BK 
945 |d 20130627 00:00:00  |a dcastane 
260 |a Madrid  |b SM  |c 2009 
650 0 |a Violencia escolar  |9 453211 
650 0 |a Acoso escolar  |9 531527 
650 0 |a Agresividad  |9 257862 
583 |a last modification  |c 20130702 05:30:34  |k Rodrigo Vera 
490 0 |a Gran Angular, 276 
999 |c 352431  |d 352429